| 000 | 00701nam a2200253Ia 4500 | ||
|---|---|---|---|
| 003 | OSt | ||
| 005 | 20220918165540.0 | ||
| 006 | a|||||r|||| 00| 0 | ||
| 007 | ta | ||
| 008 | 220917b |||||||| |||| 00| 0 eng d | ||
| 020 | _a8126901489 (hbk) | ||
| 024 | _a235,091 | ||
| 037 | _cTextual | ||
| 040 |
_aARTS _cARTS _beng |
||
| 041 |
_2eng _aeng |
||
| 082 | _aO11191N48:g, P3 | ||
| 100 |
_aRay Mohit K. Ed. _924755 |
||
| 245 | 0 | _aStudies in commonwealth literature | |
| 260 |
_aNew Delhi _bAtlantic Publishers India _c2003 |
||
| 300 |
_aviii,216p. _ccm. |
||
| 650 | _aENGLISH LITERATURE | ||
| 942 |
_hO11191N48:g, P3 _cTEXL _2CC |
||
| 999 |
_c130338 _d130338 |
||